header

China's livestock revolution (Record no. 247850)

MARC details
000 -LEADER
fixed length control field 01327nam a2200313Ia 4500
082 04 - DEWEY DECIMAL CLASSIFICATION NUMBER
Classification number 338.1/763130951
245 00 - TITLE STATEMENT
Title China's livestock revolution
260 ## - PUBLICATION, DISTRIBUTION, ETC. (IMPRINT)
Place of publication Wallingford, Oxfordshire, UK ;
-- Cambridge, MA :
Name of publisher CAB International,
Year of publication 2007.
300 ## - PHYSICAL DESCRIPTION
Number of Pages xv, 150 p.
650 #0 - SUBJECT ADDED ENTRY--TOPICAL TERM
Topical Term Mutton industry
Topical Term Sheep
Topical Term Meat industry and trade
700 1# - ADDED ENTRY--PERSONAL NAME
Personal name Waldron, Scott A.
856 40 - ELECTRONIC LOCATION AND ACCESS
Uniform Resource Identifier http://site.ebrary.com/lib/rucke/Doc?id=10167234

No items available.

© 2026 Rongo University
Contact us: librarian | system librarian | Rongo university